Trojan War: The Trojans - Statistics

General Stats
  • This quiz has been taken 131 times
  • The average score is 6 of 18
Answer Stats
Hint Answer % Correct
Prince of Troy who kidnapped Helen Paris
99%
Eldest prince of Troy Hector
97%
Old king of Troy Priam
89%
Son of Aphrodite and nobleman of Troy Aeneas
66%
Trojan princess and prophetess Cassandra
63%
Queen of Troy Hecuba
56%
Wife of above Andromache
50%
Husband of Aphrodite and father of a Trojan nobleman Anchises
18%
3rd oldest prince of Troy Deiphobus
17%
Wife of above Creusa
12%
Trojan prince who survived the war Helenus
12%
Trojan princess who was sacrificed Polyxena
12%
Cowardly Trojan scout Dolon
6%
Thracian king and ally of Troy Rhesus
6%
Kind Trojan nobleman Antenor
5%
Youngest Trojan prince Polites
3%
Wife of above Theano
3%
Their son Ascianus
1%
No matching quizzes found
Score Distribution
Percent of People with Each Score
Percentile by Number Answered
Your Score History
You have not taken this quiz